000 00943nam a22002417a 4500
005 2011030108118.0
008 110301t xxu||||| |||| 00| 0 eng d
010 _aENG-102071
020 _a9780070708372
_c215.00
020 _a0070708371
_c215.00
035 _aEN-85604
037 _bDBAD / PUB
040 _adpl
_bEng
082 _a621.3
100 _aMittle, V.N.
_926367
245 _aBasic electrical and electronics engineering :
_cby V.N. Mittle [and] Arvind Mittal
_bBE 104 Bachelor of Engineering (common to all disciplines) /
260 _aNew Delhi
_bTata McGraw-Hill Publishing
_c2011
270 _a7, West Patel Nagar
_bNew Delhi
_e110 008
300 _aVarious pagings
_c23 cm (pbk)
700 _aMittal, Arvind
_926368
942 _adpl
_cEN
_2ddc
_h621.3
_mMIT
999 _c50855
_d50855